Privatization principles and practice

Guardado en:
Detalles Bibliográficos
Otros Autores: Donaldson, David J., Wagle, Dileep M.
Formato: Libro
Lenguaje:inglés
Publicado: Washington D.C. The World Bank 1995
Colección:IFC lessons of experience series 1
Materias:
Etiquetas: Agregar Etiqueta
Sin Etiquetas, Sea el primero en etiquetar este registro!

MARC

LEADER 00000nam a2200000 4500
001 c104762
005 20221123112650.5
020 |a 0-8213-3447-6 
041 0 |a eng 
044 |a US 
245 1 0 |a Privatization  |b principles and practice  |c [zostavovateľ]: David J. Donaldson, Dileep M. Wagle 
264 1 |a Washington D.C.  |b The World Bank  |c 1995 
300 |a 83 s. 
490 1 |a IFC lessons of experience series 1 
830 0 |a IFC lessons of experience series 1 
610 2 0 |a privatizácia 
610 2 0 |a investície 
610 2 0 |a distribúcia 
610 2 0 |a vlastníctvo 
610 2 0 |a podnikanie 
610 2 0 |a kontrola 
610 2 0 |a konkurencia 
610 2 0 |a regulácia 
610 2 0 |a zamestnanosť 
610 2 0 |a trh kapitálový 
610 2 0 |a predaj 
610 2 0 |a infraštruktúra 
610 2 0 |a služby 
700 1 |a Donaldson, David J. 
700 1 |a Wagle, Dileep M.